000 00340nam a2200145Ia 4500
008 230718s9999 xx 000 0 und d
041 _aEng.
082 _a610.74
_bHAV-P
100 _aHave lock, Peter
245 0 _aProf extional Education
260 _aPakistan
_bPorque book pubs
_c1995
300 _a192
650 _aLaw
999 _c26505
_d26505